1958: NFL Teams with the Least Points - Statistics

General Stats
  • This quiz has been taken 5 times
  • The average score is 4 of 5
Answer Stats
Number of points NFL Team % Correct
214 Washington Redskins
100%
246 New York Giants
75%
235 Philadelphia Eagles
75%
193 Green Bay Packers
50%
257 San Francisco 49ers
50%
No matching quizzes found
Score Distribution
Percent of People with Each Score
Percentile by Number Answered
Your Score History
You have not taken this quiz